书目信息 |
| 题名: |
地质灾害防治景观保护与重建理论
|
|
| 作者: | 陈洪凯 , 唐红梅 , 何晓英 著 | |
| 分册: | ||
| 出版信息: | 北京 清华大学出版社 2015 |
|
| 页数: | 158页 | |
| 开本: | 24cm | |
| 丛书名: | ||
| 单 册: | ||
| 中图分类: | P694 | |
| 科图分类: | ||
| 主题词: | 风景名胜区--Feng Jing Ming Sheng Qu--地质--自然灾害--灾害防治--研究 | |
| 电子资源: | ||
| ISBN: | 978-7-302-39148-7 | |
| 000 | 01183nam0 22002531 450 | |
| 001 | 0101082536 | |
| 005 | 20161201144603.07 | |
| 010 | @a978-7-302-39148-7@dCNY49.00 | |
| 100 | @a20150508d2015 em y0chiy50 ea | |
| 101 | 0 | @achi |
| 102 | @aCN@b110000 | |
| 105 | @aa z 000yy | |
| 106 | @ar | |
| 200 | 1 | @a地质灾害防治景观保护与重建理论@ADi Zhi Zai Hai Fang Zhi Jing Guan Bao Hu Yu Chong Jian Li Lun@f陈洪凯,唐红梅,何晓英著 |
| 210 | @a北京@c清华大学出版社@d2015 | |
| 215 | @a158页@c图@d24cm | |
| 330 | @a本书将风景名胜区分为科学价值主导型、估计文化价值主导型和观光价值主导型三类,从指标遴选、量化和评价方法等方面,构建了风景名胜区景观价值评价理论;论证了风景名胜区旅游公路建设引发地质灾害问题;提出了地质灾害防治经管保护与重建理论,研发了针对危岩、高切坡、滑坡、泥石流等灾害防治的多种景观型防治技术;编撰了风景名胜区地质灾害防治技术指南。 | |
| 606 | 0 | @a风景名胜区@AFeng Jing Ming Sheng Qu@x地质@x自然灾害@x灾害防治@x研究 |
| 690 | @aP694@v5 | |
| 701 | 0 | @a陈洪凯@AChen Hong Kai@f(1964~)@4著 |
| 701 | 0 | @a唐红梅@ATang Hong Mei@c(女,岩土工程)@4著 |
| 701 | 0 | @a何晓英@AHe Xiao Ying@c(女,@f1987~)@4著 |
| 801 | 0 | @aCN@bTANGWEI@c20161128 |
| 905 | @b0952352-6@dP694@e59@f5 | |
| 地质灾害防治景观保护与重建理论/陈洪凯,唐红梅,何晓英著.-北京:清华大学出版社,2015 |
| 158页:图;24cm |
| ISBN 978-7-302-39148-7:CNY49.00 |
| 本书将风景名胜区分为科学价值主导型、估计文化价值主导型和观光价值主导型三类,从指标遴选、量化和评价方法等方面,构建了风景名胜区景观价值评价理论;论证了风景名胜区旅游公路建设引发地质灾害问题;提出了地质灾害防治经管保护与重建理论,研发了针对危岩、高切坡、滑坡、泥石流等灾害防治的多种景观型防治技术;编撰了风景名胜区地质灾害防治技术指南。 |
| ● |
| 相关链接 |
|
|
|
|
正题名:地质灾害防治景观保护与重建理论
索取号:P694/59
 
预约/预借
| 序号 | 登录号 | 条形码 | 馆藏地/架位号 | 状态 | 备注 |
| 1 | 0952352 | 209523522 | 第二样本阅览室/ [索取号:P694/59] | 在馆 | |
| 2 | 0952353 | 209523531 | 第三借阅区/ [索取号:P694/59] | 在馆 | |
| 3 | 0952354 | 209523540 | 第三借阅区/ [索取号:P694/59] | 在馆 | |
| 4 | 0952355 | 209523559 | 第三借阅区/ [索取号:P694/59] | 在馆 | |
| 5 | 0952356 | 209523568 | 第三借阅区/ [索取号:P694/59] | 在馆 |